Változatok egy témára a reverzíbilis szerin proteáz inhibitorok szerkezeti sokfélesége /

Elmentve itt :
Bibliográfiai részletek
Szerző: Krausz Sarah Laura
Testületi szerző: Eötvözet (3.)
Dokumentumtípus: Könyv része
Megjelent: SZTE Eötvös Loránd Kollégium Szeged 2015
Sorozat:Acta Szegediensia Collegii de Rolando Eötvös Nominati : Eötvözet 3
Kulcsszavak:Biokémia, Fehérjék
Tárgyszavak:
Online Access:http://acta.bibl.u-szeged.hu/55623
LEADER 00903naa a2200229 i 4500
001 acta55623
005 20221222141201.0
008 181019s2015 hu o 1|| hun d
020 |a 978-963-306-373-6 
022 |a 2062-8439 
040 |a SZTE Egyetemi Kiadványok Repozitórium  |b hun 
041 |a hun 
100 1 |a Krausz Sarah Laura 
245 1 0 |a Változatok egy témára   |h [elektronikus dokumentum] :  |b a reverzíbilis szerin proteáz inhibitorok szerkezeti sokfélesége /  |c  Krausz Sarah Laura 
260 |a SZTE Eötvös Loránd Kollégium  |b Szeged  |c 2015 
300 |a 163-171 
490 0 |a Acta Szegediensia Collegii de Rolando Eötvös Nominati : Eötvözet  |v 3 
650 4 |a Természettudományok 
650 4 |a Kémiai tudományok 
695 |a Biokémia, Fehérjék 
711 |a Eötvözet (3.)  |c Szeged  |d 2014 
856 4 0 |u http://acta.bibl.u-szeged.hu/55623/1/eotvozet_003_163-171.pdf  |z Dokumentum-elérés